000 00431nam a2200121Ia 4500
008 220620s9999||||xx |||||||||||||| ||und||
245 4 _aThe EIB Circular Economy Guide
_bSupporting the circular transition
546 _aEnglish[eng]
650 _aBusiness & Economics||Finance||General
700 _aInvestment Bank, European
856 _uhttps://library.oapen.org/bitstream/20.500.12657/43362/1/external_content.epub
942 _cEB
999 _c26125
_d26125